| 000 | 00774na a2200241 4500 | ||
|---|---|---|---|
| 001 | 19147 | ||
| 003 | MIRAKIL | ||
| 005 | 20181213155129.0 | ||
| 008 | 161209b tu 000 0 | ||
| 035 | _a19147 | ||
| 040 |
_aMilas _btur _cTR-AnCHP |
||
| 041 | _atur | ||
| 082 |
_a342.09 _bA97b 1990 |
||
| 090 | _a342.09 A97b 1990 | ||
| 100 | _aAytaç, Fethi | ||
| 245 |
_aBelediye zabıta personeli yönetmeliği ve yeni belediye zabıta kıyafet yönetmeliği _cFethi Aytaç |
||
| 260 |
_aAnkara _bTürk Belediyecilik Derneği _c1990 |
||
| 300 |
_a130 s. _bres. _c20 sm. |
||
| 490 |
_aTürk Belediyecilik Derneği Yayınları _v45 |
||
| 650 |
_aYerel yönetimler _xBelediyeler _yHukuk ve mevuzat |
||
| 650 |
_aBelediye zabıta personeli _xYönetmelikler |
||
| 942 |
_2ddc _cBKS |
||
| 999 |
_c7158 _d7158 |
||